Il gender spiegato a un marziano (Record n. 336593)
[ formato base ]
| 000 -LEADER | |
|---|---|
| campo di controllo lung. fissa | nam a22 7a 4500 |
| 003 - Identificatore del numero di controllo | |
| campo di controllo | IT-MiCISF |
| 005 - Data e orario dell'ultima transazione | |
| campo di controllo | 20170410120215.0 |
| 008 - Elementi di lunghezza fissa--Informazione generale | |
| campo di controllo lung. fissa | 170410b xxu||||| |||| 00| 0 eng d |
| 040 ## - Fonte della catalogazione | |
| Agenzia che fa la trascrizione | IT-MiCISF |
| 041 ## - Codice di lingua | |
| Codice di lingua del testo/traccia sonora o titolo separato | it |
| 100 ## - Accesso principale -- nome di persona | |
| Nome di persona | Savagnone Giuseppe |
| 9 (RLIN) | 56201 |
| 245 ## - Formulazione del titolo | |
| Titolo | Il gender spiegato a un marziano |
| 260 ## - Pubblicazione, distribuzione, ecc. (stampa) | |
| Luogo di pubblicazione, distribuzione, ecc. | Bologna |
| Nome dell'editore, distributore, ecc. | EDB |
| Data di pubblicazione, distribuzione, ecc. | 2016 |
| 300 ## - Descrizione fisica | |
| Estensione | pp. 108 |
| 500 ## - Nota generale | |
| Nota generale | differenza-sessuale, società, cultura, madre-in-affitto, omosessualità |
| 520 ## - Riassunto, ecc. | |
| Nota di riassunto, ecc. | Nell’attuale contesto di contrapposizione, spesso estremizzata, tra chi dipinge la teoria del gender in toni apocalittici, esasperandone unilateralmente alcuni aspetti, e chi ne nega addirittura l’esistenza, riconducendo il problema a un semplice rispetto dei diritti, il libro mostra l’inadeguatezza di entrambe le posizioni andando direttamente alle fonti, costituite sia dagli studi di gender, sia da documenti ufficiali. Per evitare di ridurre la persona e la sessualità alla caricatura sbandierata dagli ultraconservatori e per non limitare la riflessione alla sola questione dei diritti, il libro cerca di fare luce sul rapporto tra natura umana e cultura, sul significato della corporeità, sull’idea di uguaglianza, con particolare riferimento al problema della famiglia e della genitorialità. |
| 650 ## - Accesso aggiunto di soggetto--termine topico | |
| Termine topico o nome geografico come accesso | sessualità |
| 9 (RLIN) | 56091 |
| 654 ## - Accesso aggiunto di soggetto--termini topici faccettati | |
| Termine principale | saggio |
| 942 ## - Dati aggiuntivi (Koha) | |
| Fonte della classificazione o dello schema di collocazione (segnatura) | Dewey Decimal Classification |
| Tipo copia default (Koha) | LIBRO |
| Ritirato (status) | Perso (status) | Fonte della classificazione o dello schema di collocazione (segnatura) | Danneggiato (status) | Non per il presito | Biblioteca proprietaria | Biblioteca in cui si trova | Data d'acquisizione | Totale prestiti | Collocazione | Codice a barre | Data ultima operazione | Prezzo in vigore dal | Tipo copia default (Koha) |
|---|---|---|---|---|---|---|---|---|---|---|---|---|---|
| Dewey Decimal Classification | Buone Condizioni | Not For Loan | CISF - Milano | CISF - Milano | 10/04/2017 | b7317 | 9788810140840 | 10/04/2017 | 10/04/2017 | LIBRO |